000 00711nam a2200133Ia 4500
008 171212s9999 xx 000 0 und d
020 _a9781921666704
100 _aBerry, Sandra;Keith, Heather;Mackey, Brendan;Brookhouse, Matthew;Jonson, Justin
245 _cBerry, Sandra;Keith, Heather;Mackey, Brendan;Brookhouse, Matthew;Jonson, Justin
_aGreen Carbon Part 2
_bThe role of natural forests in carbon storage
260 _bANU E Press
_c2010
650 _aCarbon -- Environmental aspects; Forests and forestry -- Environmental aspects; Plants -- Effect of atmospheric carbon dioxide on; Carbon dioxide mitigation
650 _aEcology & Evolutionary Biology
856 _uwww.jstor.org/stable/10.2307/j.ctt24hdf0
999 _c351135
_d351135